Musiche celebri (Record n. 104058)
[ formato base ]
| 000 -LEADER | |
|---|---|
| fixed length control field | 01948njm a2200385Ia 4500 |
| 001 - CONTROL NUMBER | |
| control field | 97062 |
| 003 - CONTROL NUMBER IDENTIFIER | |
| control field | IT-RoPAU |
| 005 - DATE AND TIME OF LATEST TRANSACTION | |
| control field | 20220918181217.0 |
| 008 - FIXED-LENGTH DATA ELEMENTS--GENERAL INFORMATION | |
| fixed length control field | 131025s9999 xx 000 0 und d |
| 040 ## - CATALOGING SOURCE | |
| Original cataloging agency | IT-RoPAU |
| 040 ## - CATALOGING SOURCE | |
| Transcribing agency | IT-RoPAU |
| 999 ## - SYSTEM CONTROL NUMBERS (KOHA) | |
| Koha Dewey Subclass [OBSOLETE] | n.d. |
| 100 ## - MAIN ENTRY--PERSONAL NAME | |
| Personal name | AA.VV. |
| 9 (RLIN) | 794 |
| 100 ## - MAIN ENTRY--PERSONAL NAME | |
| Relator term | Autore musica |
| 9 (RLIN) | 27504 |
| 100 ## - MAIN ENTRY--PERSONAL NAME | |
| Miscellaneous information | Codice autore musica SPICS: 12000 |
| 9 (RLIN) | 796 |
| 245 ## - TITLE STATEMENT | |
| Title | Musiche celebri |
| 250 ## - EDITION STATEMENT | |
| Edition statement | 1a ed. |
| 260 ## - PUBLICATION, DISTRIBUTION, ETC. (IMPRINT) | |
| Place of publication, distribution, etc. | ITALIA |
| 260 ## - PUBLICATION, DISTRIBUTION, ETC. (IMPRINT) | |
| Name of publisher, distributor, etc. | HIT RECORDS |
| 300 ## - PHYSICAL DESCRIPTION | |
| Extent | DISCO |
| 500 ## - GENERAL NOTE | |
| General note | Musica classica. Musica per archi di vario genere religioso sinfonico |
| 505 ## - FORMATTED CONTENTS NOTE | |
| Formatted contents note | Marcia pontificia - Sogno - Ave Maria - Marcia nuziale - Invocazione - Il cigno - Adagio per archi - Largo - Ave Maria - Marcia nuziale - Adagio cantabile - Ave Maria - Marcia turca |
| 511 ## - PARTICIPANT OR PERFORMER NOTE | |
| Participant or performer note | Orchestra D'Archi S. Paolo diretta da Vannuzzi Valerio |
| 650 ## - SUBJECT ADDED ENTRY--TOPICAL TERM | |
| Topical term or geographic name as entry element | MUSICA X ARCHI [DISCHI] |
| Relator term | Codice MATERIA SPICS: 9950 |
| 9 (RLIN) | 27505 |
| 700 ## - ADDED ENTRY--PERSONAL NAME | |
| Personal name | Gounod Charles |
| Dates associated with a name | Codice autore musica SPICS: 10670 |
| Relator term | Autore musica |
| Name of part/section of a work | Marcia pontificia - Ave Maria - Marcia nuziale |
| 9 (RLIN) | 27506 |
| 700 ## - ADDED ENTRY--PERSONAL NAME | |
| Personal name | Handel Georg Friedrich |
| Dates associated with a name | Codice autore musica SPICS: 5619 |
| Relator term | Autore musica |
| Name of part/section of a work | Sogno - Largo |
| 9 (RLIN) | 27507 |
| 700 ## - ADDED ENTRY--PERSONAL NAME | |
| Personal name | Mendelssohn Felix |
| Dates associated with a name | Codice autore musica SPICS: 3873 |
| Relator term | Autore musica |
| Name of part/section of a work | Marcia nuziale |
| 9 (RLIN) | 27508 |
| 700 ## - ADDED ENTRY--PERSONAL NAME | |
| Personal name | Vannuzzi Valerio |
| Dates associated with a name | Codice autore musica SPICS: 13840 |
| Relator term | Autore musica |
| Name of part/section of a work | Invocazione - Adagio per archi |
| 9 (RLIN) | 27509 |
| 700 ## - ADDED ENTRY--PERSONAL NAME | |
| Personal name | Saint-Saens Camille |
| Dates associated with a name | Codice autore musica SPICS: 10689 |
| Relator term | Autore musica |
| Name of part/section of a work | Il cigno |
| 9 (RLIN) | 27510 |
| 700 ## - ADDED ENTRY--PERSONAL NAME | |
| Personal name | Schubert Franz |
| Dates associated with a name | Codice autore musica SPICS: 10690 |
| Relator term | Autore musica |
| Name of part/section of a work | Ave Maria |
| 9 (RLIN) | 27511 |
| 700 ## - ADDED ENTRY--PERSONAL NAME | |
| Personal name | Beethoven Ludwig Van |
| Dates associated with a name | Codice autore musica SPICS: 10721 |
| Relator term | Autore musica |
| Name of part/section of a work | Adagio cantabile |
| 9 (RLIN) | 27512 |
| 700 ## - ADDED ENTRY--PERSONAL NAME | |
| Personal name | Arcadelt Jacob |
| Dates associated with a name | Codice autore musica SPICS: 33610 |
| Relator term | Autore musica |
| Name of part/section of a work | Ave Maria |
| 9 (RLIN) | 27513 |
| 700 ## - ADDED ENTRY--PERSONAL NAME | |
| Personal name | Mozart Wolfgang Amadeus |
| Dates associated with a name | Codice autore musica SPICS: 3486 |
| Relator term | Autore musica |
| Name of part/section of a work | Marcia turca |
| 9 (RLIN) | 27514 |
| 942 ## - ADDED ENTRY ELEMENTS (KOHA) | |
| Koha item type | DISCHI |
| Source of classification or shelving scheme | Dewey Decimal Classification |
| Withdrawn status | Lost status | Damaged status | Not for loan | Home library | Current library | Date acquired | Total Checkouts | Full call number | Date last seen | Price effective from | Koha item type | Public note |
|---|---|---|---|---|---|---|---|---|---|---|---|---|
| Buone Condizioni | Not For Loan | SPICS-MEDIATECA | SPICS-MEDIATECA | 25/10/2013 | 97062 | 25/10/2013 | 25/10/2013 | DISCHI | Progr. Ins.: 22184 / N.Vol.: 1 / Copie: 1 - Copia rara: n.d. / date import: 01.01.2014 - By Epidotti, Trombetti, Vaglietti |